| 000 | 01050nam a22002535a 4500 | ||
|---|---|---|---|
| 999 |
_c27551 _d27522 |
||
| 003 | EG-ScBUE | ||
| 005 | 20190619122206.0 | ||
| 008 | 190619s2017 ua grb 000 0 ara d | ||
| 017 | _a2015 / 25635 | ||
| 040 |
_aEG-ScBUE _bara _cEG-ScBUE _dEG-ScBUE |
||
| 082 | 0 | 4 |
_a297.27 _bإ ر هـ _222 |
| 245 | 0 | 2 |
_aالإرهاب وخطره على السلام العالمي / _cبقلم مجموعة من العلماء ؛ إشراف محيي الدين عفيفي أحمد. |
| 260 |
_aالقاهرة : _bالأزهر الشريف، مجمع البحوث الإسلامية، _c2017. |
||
| 300 |
_a214 ص. ؛ _c22 سم. |
||
| 490 | 0 |
_aسلسلة مجمع البحوث الإسلامية ؛ _v48 |
|
| 541 |
_aDr. Noha Gamal ; _cDonation ; |
||
| 650 | 7 |
_aالإرهاب _xجوانب دينية. _2BUEsh _933410 |
|
| 650 | 7 |
_aالإسلام والإرهاب. _2BUEsh |
|
| 650 | 7 |
_aالسلام العالمي. _2BUEsh |
|
| 651 | _2BUEsh | ||
| 653 |
_bGGEN _cJune2019 |
||
| 700 | 1 |
_aأحمد، محيي الدين عفيفي، _eمشرف. |
|
| 942 | _2ddc | ||